000 01826nam0a2200361 4500
001 RU\NLR\BIBL_A\022601561
005 20260408211854.0
010 _a978-5-93700-321-8
_9200
035 _a(NLR Aleph) 022601561
090 _a13496333
_c13496333
100 _a20250814d2025 u y0rusy50 ca
101 1 _arus
_ceng
102 _aRU
105 _aac j 001yy
181 0 _ai
_baxxe
182 0 _an
200 1 _aБлокчейн. Исчерпывающее руководство
_eвнутренние процессы блокчейна, от криптографии и децентрализованных идентификаторов до DeFi, NFT и Web3
_fИмран Башир
_gпер. с англ. С. В. Черникова и В. И. Бахура
203 _aТекст
_bвизуальный
_cнепосредственный
210 _aМосква
_cДМК
_d2025
215 _a893 с.
_cил., портр., табл.
_d25
300 _aЗагл. и авт. ориг.: Mastering Blockchain : Inner workings of blockchain, from cryptography and decentralized identities, to DeFi, NFTs and Web3 / Imran Bashir
320 _aБиблиогр. в тексте
320 _aПредм. указ.: с. 877–893
454 0 _12001#$aMastering Blockchain$eInner workings of blockchain, from cryptography and decentralized identities, to DeFi, NFTs and Web3$fImran Bashir
_1700#1$aBashir$bI.$gImran
_tMastering Blockchain
_aBashir, Imran
606 _aБлокчейн, база данных
_jРуководства, пособия и т.п
_92369066
_3RU\NLR\AUTH\6601636019
686 1 _aЗ973.233-018.2я7
686 1 _aУ26(0)в612я7
686 1 _aУ.в612я7
700 1 _aБашир
_bИ.
_gИмран
942 _cBOOK
980 _aNB